00751nam a22002414a 450000100060000000300080000600500170001400800410003102000150007202000220008703500190010904000320012804100080016008200260016810000260019424500470022026000740026730000250034150400660036665000350043265000210046765000210048834787BD-RjUL20211209052218.0140519s2001 enk b 001 0 eng  a0335202519 a0335202500 (pbk.) a(BD-RjUL)34881 aDLCcDLCdDLCdBD-RjULbeng aeng00a306.484221bBEC 20011 aBennett, Andy,d1963-10aCultures of popular music /cAndy Bennett. aBuckingham [England] ;aPhiladelphia :bOpen University Press,c2001. axi, 194 p. ;c24 cm. aIncludes bibliographical references (p. [173]-187) and index. 0aPopular musicxSocial aspects. 0aPopular culture. 0aMusic and youth.